| 000 | 01085cam a2200277 a 4500 | ||
|---|---|---|---|
| 999 |
_c1547 _d1547 |
||
| 001 | 1547 | ||
| 003 | BD-JhCC | ||
| 005 | 20171021190638.0 | ||
| 008 | 010829s2000 bg ab 000 0 eng | ||
| 020 | _a9844940117 | ||
| 035 | _a(BD-JhCC)1547 | ||
| 040 |
_aDLC _cDLC _dDLC _dBD-JhCC |
||
| 041 | _aeng | ||
| 050 | 4 | _aDS396.8.C45 C4635 2000 | |
| 082 |
_a954.92305 _bCHI 2000 |
||
| 245 | 0 | 4 |
_aThe Chittagong Hill Tracts : _blife and nature at risk / _c[contributors], Raja Devasish Roy ... [et al.] ; photography and editing, Philip Gain. |
| 260 |
_aDhaka : _bSociety for Environment and Human Development, _c2000. |
||
| 300 |
_a121 p. : _bill. (some col.), map ; _c26 cm. |
||
| 651 | 0 |
_aChittagong Hill Tracts (Bangladesh : Region) _xSocial conditions. |
|
| 651 | 0 |
_aChittagong Hill Tracts (Bangladesh : Region) _xPolitics and government. |
|
| 651 | 0 |
_aChittagong Hill Tracts (Bangladesh : Region) _xEconomic conditions. |
|
| 700 | 1 |
_aRoy, Devasish, _cRaja. |
|
| 700 | 1 | _aGain, Philip. | |
| 710 | 2 | _aSociety for Environment and Human Development (Dhaka, Bangladesh) | |
| 942 |
_2ddc _cBK |
||